| 000 | 004650000a22001810004500 | ||
|---|---|---|---|
| 003 | MACL | ||
| 005 | 20151015133227.0 | ||
| 008 | 151015b xxu||||| |||| 00| 0 eng d | ||
| 040 |
_aMACL _cMACL |
||
| 041 | _aEnglish | ||
| 082 | _a920/ROY | ||
| 100 |
_aRoy,Supriya _914990 |
||
| 245 | _aThe Diaries Of Rathindranath Tagore | ||
| 260 |
_aKolkata _bSapna Swoo On Behalf of Karigar _c2013 |
||
| 350 | _a450 | ||
| 650 |
_aBiography _914991 |
||
| 942 |
_cBK _k920/ROY _2ddc |
||
| 999 |
_c49305 _d49305 |
||